000 00580nam a2200181Ia 4500
999 _c29783
_d29783
003 OSt
005 20231227160752.0
008 190216s9999||||xx |||||||||||||| ||und||
020 _a9788126421107
040 _coclc
082 _a894.8122
_bSHE/O
100 1 _aShakespeare, William,
_d1564-1616
_vAdaptations
_974
245 0 _aOru Madhyavenal Rakkinavu /
_cWilliam Shakespeare ; Kavalam Narayana Panicker
260 _bDc Books,
_c2010.
_aKottayam:
300 _a113p
650 _aMalayalam Nadakam
942 _cBK
_2ddc
_h894.8122
_iSHA/O
_k894.8122
_mSHA/O